000 00307 a2200109 4500
001 ART_10189
005 20260410161848.0
008 260409a
245 1 0 _aCambio tecnológico y precios
100 1 _aReca, Lucio G.
773 0 _tEconómica
_g- Año XVI, Nº1 (ene./abr. 1970)
_wREV7541
999 _c24723
_d24723